Statistics for Gosselin family

Click here to take the quiz!

General Stats

  • This quiz has been taken 22 times
  • The average score is 9 of 10

Answer Stats

HintAnswer% Correct
Sextuplet daughterAlexis
100%
Sextuplet sonCollin
100%
Sextuplet daughterHannah
100%
Sextuplet sonJoel
100%
FatherJon
100%
MotherKate
100%
Sextuplet daughterLeah
100%
Twin daughterCara
86%
Sextuplet sonAaden
71%
Twin daughterMady
71%

Score Distribution

Percentile by Number Answered

Percent of People with Each Score

Your Score History

You have not taken this quiz